NCAA Division I Women's Ice Hockey Teams - Statistics

General Stats
  • This quiz has been taken 93 times
  • The average score is 30 of 44
Answer Stats
Conference Team % Correct
WCHA Minnesota Golden Gophers
98%
WCHA Wisconsin Badgers
94%
ECAC Hockey Harvard Crimson
92%
WCHA Ohio State Buckeyes
92%
WHEA Boston College Eagles
91%
WHEA Providence Friars
91%
WCHA Minnesota-Duluth Bulldogs
89%
ECAC Hockey Princeton Tigers
89%
CHA Syracuse Orange
87%
ECAC Hockey Yale Bulldogs
87%
WHEA Boston University Terriers
85%
WHEA Maine Black Bears
85%
WHEA New Hampshire Wildcats
85%
CHA Penn State Nittany Lions
85%
WHEA UConn Huskies
85%
WHEA Vermont Catamounts
85%
WCHA Minnesota State Mavericks
83%
ECAC Hockey Cornell Big Red
81%
WCHA St. Cloud State Huskies
81%
ECAC Hockey Brown Bears
77%
WCHA Bemidji State Beavers
74%
ECAC Hockey Dartmouth Big Green
74%
WHEA Northeastern Huskies
72%
ECAC Hockey Colgate Raiders
66%
ECAC Hockey Quinnipiac Bobcats
66%
WHEA Merrimack Warriors
62%
WCHA St. Thomas Tommies
62%
WHEA Holy Cross Crusaders
60%
NEWHA LIU Sharks
60%
CHA Robert Morris Colonials
58%
ECAC Hockey Union Garnet Chargers
55%
ECAC Hockey RPI Engineers
53%
NEWHA Sacred Heart Pioneers
53%
CHA Lindenwood Lady Lions
51%
NEWHA Stonehill Skyhawks
51%
CHA Mercyhurst Lakers
47%
CHA RIT Tigers
47%
ECAC Hockey St. Lawrence Saints
47%
ECAC Hockey Clarkson Golden Knights
45%
NEWHA Franklin Pierce Ravens
30%
NEWHA Assumption Greyhounds
28%
NEWHA Post Eagles
28%
NEWHA St. Michael's Purple Knights
26%
NEWHA St. Anselm Hawks
23%
No matching quizzes found
Score Distribution
Percent of People with Each Score
Percentile by Number Answered
Your Score History
You have not taken this quiz